| Tag |
First Indicator |
Second Indicator |
Subfields |
| LEADER |
00000cam a2200000Ka 4500 |
| 001 |
in00001781913 |
| 005 |
20211202200306.0 |
| 006 |
m d f |
| 008 |
030905s2001 dcu s f000 0 eng d |
| 035 |
|
|
|a (OCoLC)ocm52974803
|
| 040 |
|
|
|a GPO
|c GPO
|d MvI
|d UtOrBLW
|
| 049 |
|
|
|a WWW
|
| 074 |
|
|
|a 0612 (online)
|
| 086 |
0 |
|
|a I 49.2:2003020576
|
| 245 |
0 |
0 |
|a For the birds.
|
| 250 |
|
|
|a Rev.
|
| 264 |
|
1 |
|a [Washington, D.C.] :
|b U.S. Fish & Wildlife Service,
|c [2001]
|
| 336 |
|
|
|a text
|b txt
|2 rdacontent
|
| 337 |
|
|
|a computer
|b c
|2 rdamedia
|
| 338 |
|
|
|a unspecified
|b zu
|2 rdacarrier
|
| 538 |
|
|
|a System requirements: Adobe Acrobat Reader.
|
| 538 |
|
|
|a Mode of access: Internet from the FWS web site. Address as of 9/5/03: http://library.fws.gov/Pubs/for%5Fthe%5Fbirds01.pdf; current access available via PURL.
|
| 500 |
|
|
|a Title from title screen (viewed on Sept. 5, 2003).
|
| 500 |
|
|
|a Electronic resource.
|
| 650 |
|
0 |
|a Birds
|z United States.
|
| 650 |
|
0 |
|a Bird feeders
|x Design and construction.
|
| 650 |
|
0 |
|a Birdhouses
|x Design and construction.
|
| 650 |
|
0 |
|a Bird attracting
|z United States.
|
| 776 |
1 |
|
|t For the birds
|h 51 p.
|w (OCoLC)48899059
|
| 710 |
2 |
|
|a U.S. Fish and Wildlife Service.
|
| 856 |
4 |
0 |
|u https://purl.fdlp.gov/GPO/LPS35992
|t 0
|
| 999 |
|
|
|a MARS
|
| 999 |
f |
f |
|s f92218b6-c527-37a6-92c3-7b5de300aa7d
|i 7a6b9462-f650-3651-bf0a-5b8bba4f1527
|t 0
|
| 952 |
f |
f |
|a Texas A&M University
|b College Station
|c Electronic Resources
|d Available Online
|t 0
|e I 49.2:2003020576
|h Superintendent of Documents classification
|
| 998 |
f |
f |
|a I 49.2:2003020576
|t 0
|l Available Online
|